000 00442nam a22001817a 4500
005 20250415124714.0
008 250411b |||||||| |||| 00| 0 eng d
020 _a978-93-90735-97-6
041 _aeng
082 _a341.48 AGA-H
100 _aAGARWAL, DR. H.O.
_98612
245 _aHUMAN RIGHTS
250 _a18TH ED. 2023
260 _aPRAYAGRAJ
_bCENTRAL LAW AGENCY
300 _a440;P
650 _aLEGAL STUDIES
_98608
942 _cBK
999 _c8744
_d8742